000 00281nam a22001217a 4500
008 170615b xxu||||| |||| 00| 0 eng d
041 _aeng
080 _a94(100)
100 _a19
101 _aSHP
245 _aTHE EUROPEAN DISCOVERY OF AMERICAN
_cMORISON.E
942 _2udc
_cBK
999 _c17554
_d17554